Normal view MARC view

Entry Personal Name

Number of records used in: 2

001 - CONTROL NUMBER

  • control field: 27115

003 - CONTROL NUMBER IDENTIFIER

  • control field: dpl

005 - DATE AND TIME OF LATEST TRANSACTION

  • control field: 20110406120949.0

008 - FIXED-LENGTH DATA ELEMENTS

  • fixed length control field: 110406|||a|||||| | ||| d

040 ## - CATALOGING SOURCE

  • Original cataloging agency: dpl
  • Transcribing agency: dpl

100 ## - HEADING--PERSONAL NAME

  • Personal name: Gowda, Venkatamana

670 ## - SOURCE DATA FOUND

  • Source citation: Work cat.: (dpl): Gowda, Venkatamana, Grandpa Fish and the Radio /, 2010

670 ## - SOURCE DATA FOUND

  • Source citation: Work cat.: (dpl): Gowda, Venkatamana, Grandpa Fish and the Radio /, 2010

© Delhi Public Library
Hit Counter
free hit counter